000 00792nam a2200253 i 4500
003 DO-SdBNP
005 20250716081326.0
007 ta
008 250716s1976 dr a 000 0 spa d
040 _aDO-SdBNP
_bspa
_cBNPHU
_erda
041 _aspa
082 4 _axxx
_bC912
_222
110 1 _aCentro de Evangelización y Renovación Santisima Trinidad
_984970
245 1 0 _aCrecimiento en Cristo :
_bcatequesis básica 3 /
264 _aSanto Domingo :
_bCEVREST,
_c1976.
300 _a105 páginas :
_bilustraciones ;
_c21 cm.
336 _atexto
_btxt
_2rdacontent
337 _asin mediación
_bn
_2rdamedia
338 _avolumen
_bnc
_2rdacarrier
500 _aRenovación cristiana en el espíritu santo.
590 _aInventariado, 2025/ YL
910 _aYLockward
942 _2ddc
_cLBS1
999 _c59549
_d59549